• 首页
  • 本馆介绍
  • 公告通知
  • 最新文献
  • 馆藏检索
  • 电子资源
  • 读者导购
  • 参考咨询
  • 我的图书馆
  • 登录
  • 详细信息显示
  • 放入我的书架
  • 预约/预借图书
  • 作者相关作品
  • 分类相关作品
  • 丛书相关作品
  • 出版社相关作品

书目信息

  • 表格格式
  • 工作单格式
  • 卡片格式
题名:
横观各向同性岩体位移反分析的基础理论研究
    
 
作者: 张志增 著
分册:  
出版信息: 武汉   华中科技大学出版社  2017.1
页数: 211页
开本: 26cm
丛书名:
单 册:
中图分类: P583
科图分类:
主题词: 岩体--横向位移--研究
电子资源:
ISBN: 978-7-5680-1704-6
000 01124nam0 2200229 450
001 0400004388
005 20171023183649.0
010    @a978-7-5680-1704-6@dCNY35.00
100    @a20170427d2017 em y0chiy50 ea
101 0  @achi
102    @aCN@b420000
105    @aa z 000yy
106    @ar
200 1  @a横观各向同性岩体位移反分析的基础理论研究@9heng guan ge xiang tong xing yan ti wei yi fan fen xi de ji chu li lun yan jiu@f张志增著
210    @a武汉@c华中科技大学出版社@d2017.1
215    @a211页@c图@d26cm
330    @a本书针对横观各向同性岩体位移反分析的基础理论展开研究,为准确快速地确定横观各向同性岩体的参数提供新的研究思路和方法。主要章节包含:位移反分析的研究现状;横观各向同性岩体的基本理论;位移反分析的基本理论;横观各向同性岩体中巷道的位移解析解;横观各向同性岩体中位移反分析的唯一性;横观各向同性岩体中反分析的测点优化布置;考虑剪应力作用时的位移解析解;考虑剪应力作用时反分析的唯一性;基于主从式并行遗传算法的岩体位移反分析方法等章节。
606 0  @a岩体@x横向位移@x研究
690    @aP583@v5
701  0 @a张志增@9zhang zhi zeng@4著
801  0 @aCN@b91MARC@c20171023
905    @b1037840-4@dP583@f5@e123
    
    横观各向同性岩体位移反分析的基础理论研究/张志增著.-武汉:华中科技大学出版社,2017.1
    211页:图;26cm
    
    
    ISBN 978-7-5680-1704-6:CNY35.00
    本书针对横观各向同性岩体位移反分析的基础理论展开研究,为准确快速地确定横观各向同性岩体的参数提供新的研究思路和方法。主要章节包含:位移反分析的研究现状;横观各向同性岩体的基本理论;位移反分析的基本理论;横观各向同性岩体中巷道的位移解析解;横观各向同性岩体中位移反分析的唯一性;横观各向同性岩体中反分析的测点优化布置;考虑剪应力作用时的位移解析解;考虑剪应力作用时反分析的唯一性;基于主从式并行遗传算法的岩体位移反分析方法等章节。
●
相关链接 在E读中查询图书 在五车中查询图书 在当当中查询图书 在豆瓣中查询图书


正题名:横观各向同性岩体位移反分析的基础理论研究     索取号:P583/123         预约/预借

序号 登录号 条形码 馆藏地/架位号 状态 备注
1 1037840   210378401   第二样本阅览室/ [索取号:P583/123] 在馆    
2 1037841   210378410   密集书库-生命科学系/ [索取号:P583/123] 在馆    
3 1037842   210378429   第三借阅区/ [索取号:P583/123] 在馆    
4 1037843   210378438   第三借阅区/ [索取号:P583/123] 在馆    
5 1037844   210378447   第三借阅区/ [索取号:P583/123] 在馆    
唐山师范学院图书馆 欢迎您!
大连网信软件有限公司© 版权所有